Central Library OPAC University of Rajshahi

General zoology / (Record no. 12405)

MARC details
000 -LEADER
fixed length control field 00870cam a22002772 4500
001 - CONTROL NUMBER
control field 12405
003 - CONTROL NUMBER IDENTIFIER
rucl marc code BD-RjUL
005 - DATE AND TIME OF LATEST TRANSACTION
control field 20211208235303.0
008 - FIXED-LENGTH DATA ELEMENTS--GENERAL INFORMATION
fixed length control field 140128r19641963paua b 001 0 eng
035 ## - SYSTEM CONTROL NUMBER
System control number (BD-RjUL)12454
-- OCLC ocm00556579 from D971107M
040 ## - CATALOGING SOURCE
Original cataloging agency DLC
Transcribing agency WSU
Modifying agency BD-RjUL
Language of cataloging eng
041 ## - LANGUAGE CODE
Language code of text/sound track or separate title eng
082 ## - DEWEY DECIMAL CLASSIFICATION NUMBER
Classification number 590
Author mark and year VIG 1964
100 1# - MAIN ENTRY--PERSONAL NAME
Personal name Villee, Claude Alvin
Dates associated with a name 1917-
9 (RLIN) 38535
245 10 - TITLE STATEMENT
Title General zoology /
Statement of responsibility, etc. Claude A. Villee, Warren F. Walker, Jr. [and] Frederick E. Smith.
250 ## - EDITION STATEMENT
Edition statement 2d ed.
260 ## - PUBLICATION, DISTRIBUTION, ETC. (IMPRINT)
Place of publication, distribution, etc. Philadelphia :
Name of publisher, distributor, etc. W.B. Saunders Co.,
Date of publication, distribution, etc. c1963 [reprint 1964].
300 ## - PHYSICAL DESCRIPTION
Pagination xx, 848 p. :
Illustrations illus. ;
Size 25 cm.
504 ## - BIBLIOGRAPHY, ETC. NOTE
Bibliography, etc Include bibliography and index.
650 #0 - SUBJECT ADDED ENTRY--TOPICAL TERM
Topical term or geographic name as entry element Zoology.
9 (RLIN) 38536
700 1# - ADDED ENTRY--PERSONAL NAME
Personal name Walker, Warren F.
Personal name Smith, Frederick E.
942 ## - ADDED ENTRY ELEMENTS (KOHA)
Source of classification or shelving scheme Dewey Decimal Classification
Koha item type Books
Holdings
Lost status Source of classification or shelving scheme Damaged status Not for loan Collection code Permanent Location Current Location Shelving location Date acquired Source of acquisition Cost, normal purchase price Total Checkouts Full call number Date last seen Copy number Koha item type
  Dewey Decimal Classification     Non-fiction Central Library, University of Rajshahi Central Library, University of Rajshahi   28/11/2067 Zeitlinger 59.60   590 VIG 1964 28/01/2014 C-6 Books
  Dewey Decimal Classification     Non-fiction Central Library, University of Rajshahi Central Library, University of Rajshahi   25/01/1967 Euro Pak Agency 52.81   590 VIG 1964 19/10/2016 C-2 Books
  Dewey Decimal Classification   Not For Loan Non-fiction Central Library, University of Rajshahi Central Library, University of Rajshahi Reading Room 28/11/1967 Zeitlinger 59.00   590 VIG 1964 30/05/2017 C-1 Books
  Dewey Decimal Classification     Non-fiction Central Library, University of Rajshahi Central Library, University of Rajshahi   25/01/1967 Euro Pak Agency 52.81   590 VIG 1964 15/12/2018 C-3 Books
  Dewey Decimal Classification     Non-fiction Central Library, University of Rajshahi Central Library, University of Rajshahi   27/11/1967 zeitlinger 59.00   590 VIG 1964 10/03/2019 C-4 Books